000 00301nam a22000977a 4500
005 20250901165239.0
008 210226b ||||| |||| 00| 0 eng d
050 _aQ160 .M33
245 _aThe world of atoms;
_ban introduction to physical science
_cMCCUE, J.J.G.
942 _2lcc
_hQ160 .M33 1956
999 _c941
_d941